The Normalization of Violence in Commercial Kitchens Through Food Media
The Bureau of Labor Statistics estimates that there are 2.53 million cooks and chefs in the United States. Of those, one in four reports experiencing physical violence in the workplace?roughly 632,500 victims. While shocking, this figure fails to account for the psychological and sexual violence tha...
| Authors: | ; |
|---|---|
| Format: | Electronic Article |
| Language: | English |
| Published: |
2022
|
| In: |
Journal of interpersonal violence
Year: 2022, Volume: 37, Issue: 15/16, Pages: NP13928-NP13951 |
| Online Access: |
Volltext (lizenzpflichtig) |
| Check availability: | HBZ Gateway |
| Keywords: |
MARC
| LEADER | 00000naa a22000002c 4500 | ||
|---|---|---|---|
| 001 | 1884201687 | ||
| 003 | DE-627 | ||
| 005 | 20240325113331.0 | ||
| 007 | cr uuu---uuuuu | ||
| 008 | 240325s2022 xx |||||o 00| ||eng c | ||
| 024 | 7 | |a 10.1177/08862605211005138 |2 doi | |
| 035 | |a (DE-627)1884201687 | ||
| 035 | |a (DE-599)KXP1884201687 | ||
| 040 | |a DE-627 |b ger |c DE-627 |e rda | ||
| 041 | |a eng | ||
| 084 | |a 2,1 |2 ssgn | ||
| 100 | 1 | |a Meiser, Ellen T. |e VerfasserIn |4 aut | |
| 245 | 1 | 4 | |a The Normalization of Violence in Commercial Kitchens Through Food Media |
| 264 | 1 | |c 2022 | |
| 336 | |a Text |b txt |2 rdacontent | ||
| 337 | |a Computermedien |b c |2 rdamedia | ||
| 338 | |a Online-Ressource |b cr |2 rdacarrier | ||
| 520 | |a The Bureau of Labor Statistics estimates that there are 2.53 million cooks and chefs in the United States. Of those, one in four reports experiencing physical violence in the workplace?roughly 632,500 victims. While shocking, this figure fails to account for the psychological and sexual violence that also plagues commercial kitchens. Workplace harassment and bullying is not limited to the United States and has been documented in Scottish, English, Scandinavian, French, Malaysian, Korean, and Australian kitchens. Why is violence so prevalent in kitchens, and how has it become a behavioral norm? Using data from 50 in-depth interviews with kitchen workers and analysis of food media, this article shows that while kitchen workplace violence can be attributed to typical causes, such as occupational stress, there is an overlooked source: the normalization of violence through food media. By exploring television shows, like ?Hell?s Kitchen,? and chef memoirs, like Bourdain?s Kitchen Confidential, readers will see how bullying and harassment are romanticized in these mediums, glorified as a product of kitchen subculture, and consequently normalized in the kitchen. | ||
| 650 | 4 | |a culinary industry | |
| 650 | 4 | |a Harassment | |
| 650 | 4 | |a idioculture | |
| 650 | 4 | |a Media | |
| 650 | 4 | |a Violence | |
| 650 | 4 | |a Workplace bullying | |
| 700 | 1 | |a Pantumsinchai, Penn |e VerfasserIn |4 aut | |
| 773 | 0 | 8 | |i Enthalten in |t Journal of interpersonal violence |d London [u.a.] : Sage, 1986 |g 37(2022), 15/16, Seite NP13928-NP13951 |h Online-Ressource |w (DE-627)324614721 |w (DE-600)2028900-5 |w (DE-576)276556305 |x 1552-6518 |7 nnas |
| 773 | 1 | 8 | |g volume:37 |g year:2022 |g number:15/16 |g pages:NP13928-NP13951 |
| 856 | 4 | 0 | |u https://doi.org/10.1177/08862605211005138 |x Resolving-System |z lizenzpflichtig |3 Volltext |7 1 |
| 951 | |a AR | ||
| ELC | |a 1 | ||
| LOK | |0 000 xxxxxcx a22 zn 4500 | ||
| LOK | |0 001 4503465899 | ||
| LOK | |0 003 DE-627 | ||
| LOK | |0 004 1884201687 | ||
| LOK | |0 005 20240325113331 | ||
| LOK | |0 008 240325||||||||||||||||ger||||||| | ||
| LOK | |0 040 |a DE-2619 |c DE-627 |d DE-2619 | ||
| LOK | |0 092 |o n | ||
| LOK | |0 852 |a DE-2619 | ||
| LOK | |0 852 1 |9 00 | ||
| LOK | |0 866 |x zotak: Nacherfasst, da in zota-Errors | ||
| LOK | |0 935 |a krzo | ||
| LOK | |0 939 |a 25-03-24 |b l01 | ||
| ORI | |a SA-MARC-krimdoka001.raw | ||
